[Event "Moscow Open A 2015"]
[Site "Moscow RUS"]
[Date "2015.02.03"]
[Round "4.76"]
[White "Galaktionov, Artem"]
[Black "Kotenko, Pavel"]
[Result "0-1"]
[BlackTitle "IM"]
[WhiteElo "2081"]
[BlackElo "2359"]
[WhiteFideId "24175471"]
[BlackFideId "4130219"]
[EventDate "2015.01.31"]

1. d4 Nf6 2. Nf3 g6 3. c4 Bg7 4. Nc3 O-O 5. e4 d6 6. Be2 e5 7. O-O Nc6 8. d5 Ne7
9. Ne1 Nd7 10. f3 f5 11. g4 Nf6 12. Nd3 c6 13. Be3 Kh8 14. h3 Bd7 15. Qb3 cxd5
16. cxd5 b5 17. Nf2 f4 18. Bd2 Rb8 19. a3 Ne8 20. Kg2 Bf6 21. Qc2 a5 22. a4 b4
23. Nb5 Rc8 24. Qb3 Qb6 25. Rac1 Nc7 26. Na3 Ne8 27. Nc4 Qa7 28. Nd3 Bh4 29. Qa2
g5 30. Nf2 Kg7 31. b3 Rh8 32. Qb2 Ng6 33. Nh1 h5 34. Rg1 hxg4 35. hxg4 Rc7 36.
Kf1 Kf6 37. Bd3 Bc8 38. Ke2 Bg3 39. Rcf1 Rh2+ 40. Kd1 Bh4 41. Qa1 Ba6 42. Be2
Rxe2 43. Kxe2 Rxc4 44. bxc4 Bxc4+ 45. Kd1 Bb3+ 46. Kc1 Qc5+ 47. Bc3 bxc3 48. Rg2
Qe3+ 49. Kb1 Qd3+ 0-1

[Event "Moscow Open A 2015"]
[Site "Moscow RUS"]
[Date "2015.02.03"]
[Round "4.77"]
[White "Nikologorskiy, Konstantin"]
[Black "Galoyan, Levon"]
[Result "1/2-1/2"]
[WhiteTitle "FM"]
[BlackTitle "FM"]
[WhiteElo "2414"]
[BlackElo "2256"]
[WhiteFideId "24111708"]
[BlackFideId "13302027"]
[EventDate "2015.01.31"]

1. c4 c5 2. Nc3 Nf6 3. g3 d5 4. cxd5 Nxd5 5. Bg2 Nc7 6. Nf3 Nc6 7. a3 e5 8. b4
f6 9. bxc5 Bxc5 10. Ne4 Be7 11. d3 O-O 12. O-O Kh8 13. Bb2 Ne6 14. e3 f5 15. Nc3
Bf6 16. Qe2 Rb8 17. Rfd1 b5 18. Nd5 Qxd5 19. Nxe5 Qxg2+ 20. Kxg2 Nxe5 21. Bxe5
Bb7+ 22. f3 Bxe5 23. d4 Bd6 24. h4 Bd5 25. Kh2 Bc4 26. Qg2 Rbe8 27. e4 fxe4 28.
fxe4 Bb8 29. Kh1 Rd8 30. Rd2 Rxd4 31. Rad1 Be5 32. Rxd4 Nxd4 33. Qb2 Nc6 34. Qd2
Bxg3 35. Qg5 Be5 36. Rd7 a5 37. Qe3 a4 38. Qc5 Rf1+ 39. Kg2 Rf6 40. Rd5 Bb2 41.
Rd6 Rxd6 42. Qxd6 1/2-1/2

[Event "Moscow Open A 2015"]
[Site "Moscow RUS"]
[Date "2015.02.03"]
[Round "4.78"]
[White "Demin, Alexandr"]
[Black "Shapiro, David"]
[Result "0-1"]
[WhiteTitle "IM"]
[BlackTitle "FM"]
[WhiteElo "2410"]
[BlackElo "2252"]
[WhiteFideId "4152921"]
[BlackFideId "24133523"]
[EventDate "2015.01.31"]

1. c4 c6 2. e4 d5 3. exd5 cxd5 4. d4 Nf6 5. Nc3 e6 6. Nf3 Be7 7. Be2 O-O 8. O-O
dxc4 9. Bxc4 a6 10. a4 Nc6 11. Be3 Nb4 12. Qe2 b6 13. Rac1 Bb7 14. Rfd1 Nbd5 15.
Bg5 h6 16. Bh4 Nf4 17. Qf1 Ne4 18. Bxe7 Qxe7 19. Ne2 Nd5 20. Bd3 f5 21. Qe1 Rac8
22. Ne5 Qg5 23. h4 Qxh4 24. Ng6 Qg5 25. Nxf8 Rxf8 26. g3 Qh5 27. f3 Ng5 28. Qf1
Ne3 29. g4 Nh3+ 30. Kh2 Nxf1+ 31. Rxf1 Qh4 0-1

[Event "Moscow Open A 2015"]
[Site "Moscow RUS"]
[Date "2015.02.03"]
[Round "4.79"]
[White "Lugovskoy, Maxim"]
[Black "Tarasov, Oleg"]
[Result "1-0"]
[WhiteTitle "IM"]
[WhiteElo "2401"]
[BlackElo "2247"]
[WhiteFideId "24126454"]
[BlackFideId "4162870"]
[EventDate "2015.01.31"]

1. e4 c5 2. Nf3 d6 3. Bb5+ Nd7 4. d4 Nf6 5. O-O cxd4 6. Qxd4 e5 7. Qd3 h6 8. c4
Be7 9. Nc3 O-O 10. Bxd7 Bxd7 11. b3 Qc7 12. Rd1 Rfd8 13. Nd2 Bg4 14. Re1 Be6 15.
Nf1 Qc6 16. Ne3 Rd7 17. Ncd5 Bd8 18. Bd2 Ne8 19. Rad1 Bg5 20. Bc1 Qc8 21. Bb2
Qd8 22. Qe2 Nf6 23. Nxf6+ Qxf6 24. Nd5 Qg6 25. Ba3 Bd8 26. Rd3 f5 27. Ne3 fxe4
28. Rxd6 Bb6 29. Nd5 Qf7 30. Rxd7 Bxd7 31. Rd1 Bd4 32. Bb2 Bxb2 33. Qxb2 Re8 34.
Ne3 Bc6 35. Rd6 Re6 36. Qd2 Kh7 37. h3 Rf6 38. Ng4 Re6 39. Rxe6 Qxe6 40. Qc3 Qg6
41. Qxe5 e3 42. Nxe3 Qb1+ 43. Kh2 Be4 44. h4 Bc2 45. Qa5 a6 46. h5 Qb2 47. Qd5
Bb1 48. Ng4 Qe2 49. Kg3 Be4 50. Qe5 Qc2 51. f3 Bd3 52. Nf2 Bf5 53. Ne4 1-0

[Event "Moscow Open A 2015"]
[Site "Moscow RUS"]
[Date "2015.02.03"]
[Round "4.80"]
[White "Meribanov, Vitaly"]
[Black "Miroshnichenko, Pavel"]
[Result "1-0"]
[WhiteTitle "IM"]
[WhiteElo "2390"]
[BlackElo "2245"]
[WhiteFideId "13504363"]
[BlackFideId "4188659"]
[EventDate "2015.01.31"]

1. e4 e5 2. Nf3 Nc6 3. Bb5 a6 4. Ba4 Nf6 5. O-O Be7 6. Re1 b5 7. Bb3 d6 8. c3
O-O 9. d4 Bg4 10. Be3 Bh5 11. h3 exd4 12. cxd4 Na5 13. Bc2 c5 14. g4 Bg6 15.
Nbd2 Rc8 16. dxc5 dxc5 17. Ne5 Nd7 18. Nxd7 Qxd7 19. f4 f6 20. Nf3 Qb7 21. Bf2
Rfe8 22. Nh4 Bf7 23. Nf5 Bf8 24. Qf3 Nc4 25. Qg3 Rcd8 26. g5 fxg5 27. Qxg5 Kh8
28. Rad1 Rd2 29. Rxd2 Nxd2 30. Qg2 Bxa2 31. Rd1 Nb3 32. Qg3 Qf7 33. e5 Na5 34.
Nd6 Bxd6 35. exd6 Nb7 36. d7 Rd8 37. Qd3 Qh5 38. Qe4 Qxh3 39. Qxb7 Qg4+ 40. Qg2
Qxg2+ 41. Kxg2 Be6 42. Rd6 Rxd7 43. Rxe6 Kg8 44. Rxa6 Rd2 45. Ra8+ Kf7 46. Bxh7
Rxb2 47. Kf3 c4 48. Ra7+ Ke6 49. Rxg7 c3 50. f5+ Kd5 51. f6 c2 52. Bxc2 1-0

[Event "Moscow Open A 2015"]
[Site "Moscow RUS"]
[Date "2015.02.03"]
[Round "4.81"]
[White "Komissarov, Alexey"]
[Black "Akhmetov, Ayan"]
[Result "1-0"]
[BlackTitle "IM"]
[WhiteElo "2205"]
[BlackElo "2376"]
[WhiteFideId "4176545"]
[BlackFideId "13703706"]
[EventDate "2015.01.31"]

1. e4 d6 2. d4 Nf6 3. Nc3 e5 4. Nf3 Nbd7 5. Bc4 Be7 6. O-O O-O 7. Qe2 c6 8. a4
Qc7 9. Rd1 Nb6 10. Bb3 Bg4 11. dxe5 dxe5 12. h3 Bh5 13. g4 Bg6 14. Bg5 Ne8 15.
a5 Nc8 16. Qe3 Kh8 17. Bxe7 Qxe7 18. Rd2 Ned6 19. Qc5 Nxe4 20. Nxe4 Bxe4 21.
Qxe7 Nxe7 22. Nxe5 Bd5 23. Bxd5 Nxd5 24. a6 bxa6 25. Nxc6 Nf4 26. Kh2 f5 27.
Rxa6 fxg4 28. hxg4 h5 29. gxh5 Kh7 30. Rxa7 Rac8 31. Rd6 Nxh5 32. Ra5 g6 33.
Ra7+ Kh6 34. Ne5 Nf4 35. Nf7+ Kh5 36. Rf6 g5 37. Ra5 Rxf7 38. Rxf7 Kg4 39. Rg7
Kf3 40. Kg1 Rxc2 41. Ra3+ Kg4 42. Rg3+ Kf5 43. R7xg5+ Kf6 44. Rb5 1-0

[Event "Moscow Open A 2015"]
[Site "Moscow RUS"]
[Date "2015.02.03"]
[Round "4.82"]
[White "Bazeev, German"]
[Black "Bikuzhin, Maksim"]
[Result "0-1"]
[WhiteElo "2374"]
[BlackElo "2241"]
[WhiteFideId "24119350"]
[BlackFideId "24128015"]
[EventDate "2015.01.31"]

1. d4 Nf6 2. Nf3 d6 3. c4 Nbd7 4. Nc3 c6 5. e4 e5 6. Be2 Be7 7. O-O O-O 8. d5
Nc5 9. Nd2 a5 10. b3 Ne8 11. Re1 g6 12. Rb1 Ng7 13. a3 f5 14. b4 axb4 15. axb4
Nxe4 16. Ndxe4 fxe4 17. dxc6 bxc6 18. b5 Bf5 19. Be3 Ra3 20. Rb3 Qa8 21. b6 Rb8
22. g4 Be6 23. Nxe4 d5 24. Ng5 Bxg5 25. Bxg5 dxc4 26. Rb1 Bd5 27. Bf6 Qa6 28.
Qc1 Ra2 29. Qe3 Ne6 30. Bxe5 Ra3 31. Qc1 Rb7 32. Bd6 Ra2 33. Qe3 Qa8 34. Bf3 Ng7
35. Bc7 Qa3 36. Bxd5+ cxd5 37. Qg5 Qf8 38. Qxd5+ Qf7 39. Qg2 c3 40. Rbd1 Rd2 41.
Rxd2 cxd2 42. Rd1 Qe6 43. Qf3 Qe1+ 44. Kg2 Ne6 45. Rxe1 dxe1=N+ 0-1

[Event "Moscow Open A 2015"]
[Site "Moscow RUS"]
[Date "2015.02.03"]
[Round "4.83"]
[White "Faizrakhmanov, Ramil"]
[Black "Elistratov, Semen"]
[Result "1/2-1/2"]
[WhiteTitle "FM"]
[WhiteElo "2371"]
[BlackElo "2206"]
[WhiteFideId "24103209"]
[BlackFideId "24134325"]
[EventDate "2015.01.31"]

1. d4 Nf6 2. c4 e6 3. Nf3 d5 4. Nc3 dxc4 5. Qa4+ c6 6. Qxc4 b5 7. Qd3 a6 8. Bg5
h6 9. Bxf6 Qxf6 10. g3 Bb7 11. Bg2 Nd7 12. O-O Qd8 13. e4 Be7 14. Rfd1 O-O 15.
d5 cxd5 16. exd5 exd5 17. Nxd5 Nf6 18. Nxe7+ Qxe7 19. Nd4 Bxg2 20. Kxg2 Qb7+ 21.
Qf3 Qxf3+ 22. Kxf3 Rac8 23. Nf5 Rc2 24. Rab1 Re8 25. Ne3 Rc6 26. Rd4 g6 27. Rbd1
h5 28. Rd6 Re6 29. Rxc6 Rxc6 30. Rd8+ Kg7 31. h3 Re6 32. g4 hxg4+ 33. hxg4 Ne4
34. Ke2 Rf6 35. f3 Ng5 36. Nd5 Rxf3 37. Ra8 Rh3 38. Rxa6 Rh2+ 39. Ke3 Rxb2 40.
a4 bxa4 41. Rxa4 Rb3+ 42. Kf2 Ne6 43. Ra7 Rd3 44. Ne3 Nd4 45. Rb7 Nc6 46. Rb5 1/2-1/2

[Event "Moscow Open A 2015"]
[Site "Moscow RUS"]
[Date "2015.02.03"]
[Round "4.84"]
[White "Savenkov, Konstantin"]
[Black "Shapkin, Anatoliy"]
[Result "1/2-1/2"]
[WhiteTitle "FM"]
[WhiteElo "2363"]
[BlackElo "2236"]
[WhiteFideId "4138600"]
[BlackFideId "34108332"]
[EventDate "2015.01.31"]

1. e4 e5 2. Nf3 Nc6 3. Bc4 Bc5 4. c3 Nf6 5. d4 exd4 6. cxd4 Bb4+ 7. Bd2 Nxe4 8.
Bxb4 Nxb4 9. Bxf7+ Kxf7 10. Qb3+ d5 11. Ne5+ Ke6 12. Qxb4 Qf8 13. Qxf8 Rxf8 14.
Nd3 Kd6 15. f3 Ng5 16. Nc3 Bf5 17. Nf4 c6 18. h4 Rae8+ 19. Kd2 Ne6 20. Nxe6 Rxe6
21. Rae1 Rfe8 22. g4 Rxe1 23. Rxe1 Rxe1 24. Kxe1 Bd7 25. Kd2 b6 26. Ne2 c5 27.
Kc3 a5 28. Nf4 Be8 29. h5 c4 30. Ng2 b5 31. a3 Bd7 32. Ne3 g5 33. hxg6 hxg6 34.
b4 cxb3 35. Kxb3 g5 36. Nd1 Bc8 37. Nf2 Ke7 38. Nd3 Kd6 39. Kc3 Bd7 40. Kb3 Bc8
41. Ne5 Be6 42. Kc3 Bg8 43. Nd3 Bf7 44. Nc5 Kc6 45. Nd3 Kd6 46. Kd2 Bg8 47. f4
gxf4 48. Nxf4 Ke7 49. g5 Bf7 50. Kc3 Kf8 51. Nd3 Kg7 52. Ne5 Be8 53. Kb3 Kh7 54.
Nd3 Kg6 55. Nc5 Bc6 56. Kc3 1/2-1/2

[Event "Moscow Open A 2015"]
[Site "Moscow RUS"]
[Date "2015.02.03"]
[Round "4.85"]
[White "Rodchenkov, Vitaly"]
[Black "Urazayev, Arystanbek"]
[Result "1-0"]
[WhiteTitle "FM"]
[WhiteElo "2356"]
[BlackElo "2205"]
[WhiteFideId "4152964"]
[BlackFideId "13709810"]
[EventDate "2015.01.31"]

1. e4 e6 2. d4 d5 3. Nd2 Be7 4. Ngf3 Nf6 5. Bd3 c5 6. exd5 Qxd5 7. dxc5 Bxc5 8.
O-O Bd7 9. Qe2 Bc6 10. c4 Qh5 11. Ne5 Qxe2 12. Bxe2 Bd6 13. Nxc6 Nxc6 14. Nb3
Ke7 15. Be3 Rac8 16. Rac1 Rhd8 17. Bf3 Be5 18. Bxc6 Rxc6 19. Na5 Ra6 20. Nxb7
Rb8 21. Nc5 Rxa2 22. Nd3 Nd7 23. Nxe5 Nxe5 24. Bc5+ Kf6 25. Bd4 Kf5 26. Rfd1 Rd8
27. f3 h5 28. c5 Ra6 29. b4 Ra4 30. Bc3 Rc8 31. Ra1 Rxa1 32. Rxa1 Rc7 33. Kf2
Nd3+ 34. Ke3 Nf4 35. Kd4 Nxg2 36. b5 Rd7+ 37. Kc4 Ne3+ 38. Kb3 Rb7 39. Ra5 Nd5
40. c6 Rc7 41. Bd4 e5 42. Bxa7 Ne7 43. b6 Rxc6 44. b7 Re6 1-0

[Event "Moscow Open A 2015"]
[Site "Moscow RUS"]
[Date "2015.02.03"]
[Round "4.86"]
[White "Fakhrutdinov, Timur"]
[Black "Pletnev, Evgeniy"]
[Result "1-0"]
[WhiteTitle "FM"]
[WhiteElo "2352"]
[BlackElo "2203"]
[WhiteFideId "24176702"]
[BlackFideId "24104140"]
[EventDate "2015.01.31"]

1. e4 Nc6 2. d4 d5 3. Nc3 Nf6 4. e5 Nd7 5. e6 fxe6 6. Nf3 e5 7. dxe5 e6 8. Bf4
Bb4 9. a3 O-O 10. Bg3 Ba5 11. Be2 Ne7 12. O-O Bxc3 13. bxc3 Nf5 14. c4 Nc5 15.
Bf4 d4 16. Bg5 Qd7 17. g4 h6 18. gxf5 hxg5 19. Nxg5 Rxf5 20. f4 d3 21. Bxd3 Qd4+
22. Kg2 Rxg5+ 23. fxg5 Qxe5 24. Qf3 Qxg5+ 25. Kh1 Nxd3 26. cxd3 Qe7 27. Rf2 Bd7
28. Kg1 Bc6 29. Qg4 Re8 30. Raf1 Qc5 31. h4 b5 32. d4 Qxa3 33. Rf7 Qe3+ 34. Kh2
Qd2+ 35. R1f2 Qh6 36. Rxc7 Ba8 37. Qg5 Be4 38. Qxh6 gxh6 39. cxb5 Rb8 40. Rb2
Bd3 41. Rxa7 Rxb5 42. Rxb5 Bxb5 43. Kg3 Be8 44. Kf4 Bf7 45. Ke5 Kg7 46. h5 Kg8
47. Kf6 Bxh5 48. Kxe6 Kf8 49. d5 Bg4+ 50. Kd6 h5 51. Kc7 Ke7 52. d6+ Kf6 53. Ra5 1-0

[Event "Moscow Open A 2015"]
[Site "Moscow RUS"]
[Date "2015.02.03"]
[Round "4.87"]
[White "Tenikashvili, Georgij"]
[Black "Litvinov, Maxim"]
[Result "1/2-1/2"]
[WhiteTitle "FM"]
[WhiteElo "2348"]
[BlackElo "2192"]
[WhiteFideId "4134605"]
[BlackFideId "24157449"]
[EventDate "2015.01.31"]

1. d4 Nf6 2. c4 e6 3. Nf3 d5 4. cxd5 exd5 5. Nc3 c6 6. Bg5 Be7 7. Qc2 Nbd7 8. e3
Nh5 9. Bxe7 Qxe7 10. O-O-O Nb6 11. Ne5 Be6 12. Kb1 Nf6 13. Bd3 Nfd7 14. Nxd7
Qxd7 15. Rc1 O-O-O 16. Ka1 Kb8 17. Rhd1 Qd6 18. g3 Bg4 19. Rd2 Qb4 20. a3 Qe7
21. Na4 Nxa4 22. Qxa4 g5 23. b4 f5 24. Rb2 Rc8 25. Rc5 f4 26. gxf4 gxf4 27. b5
cxb5 28. Bxb5 fxe3 29. fxe3 Rc7 30. Bc6 Bd7 31. Bxd7 Qxd7 32. Qxd7 Rxd7 33. Rf2
Re8 34. Rc3 Rde7 35. Rf3 Rg8 36. Kb2 b6 37. h3 Rg2+ 38. Rc2 Rg8 39. Kc3 Kb7 40.
Kd3 Rg1 1/2-1/2

[Event "Moscow Open A 2015"]
[Site "Moscow RUS"]
[Date "2015.02.03"]
[Round "4.88"]
[White "Yanchenko, Roman"]
[Black "Dzhaumutbaev, Erzhan"]
[Result "1-0"]
[WhiteTitle "FM"]
[WhiteElo "2345"]
[BlackElo "2190"]
[WhiteFideId "4137329"]
[BlackFideId "4191110"]
[EventDate "2015.01.31"]

1. d4 Nf6 2. c4 g6 3. Nc3 Bg7 4. Nf3 O-O 5. e3 d6 6. Be2 Nbd7 7. O-O e5 8. b3
Re8 9. Qc2 e4 10. Nd2 Qe7 11. Ba3 c6 12. Rac1 Nf8 13. b4 Bf5 14. Rfd1 h5 15. Nf1
N8h7 16. d5 Ng5 17. dxc6 bxc6 18. Ng3 Bg4 19. b5 c5 20. Bxg4 Nxg4 21. Nd5 Qd8
22. h3 h4 23. Ne2 Ne5 24. Nef4 Rc8 25. Bb2 Qd7 26. Bxe5 Bxe5 27. a4 Nh7 28. Qe2
g5 29. Nh5 Kh8 30. Rb1 Rb8 31. a5 Rg8 32. b6 axb6 33. Rxb6 Ra8 34. Rb5 Ra7 35.
Rdb1 g4 36. hxg4 Qd8 37. Nhf4 Rxa5 38. Rb7 Ng5 39. Ne7 Re8 40. Nc6 Qa8 41. Nxa5
Qxa5 42. Nh3 Ne6 43. g5 Ng7 44. Rxf7 Kg8 45. Rfb7 Qc3 46. Qg4 Qxc4 47. Qxh4 Qe6
48. Nf4 Bxf4 49. Qxf4 Rf8 50. Rb8 Qf5 51. Rxf8+ 1-0

[Event "Moscow Open A 2015"]
[Site "Moscow RUS"]
[Date "2015.02.03"]
[Round "4.89"]
[White "Karpenko, Artem"]
[Black "Kutuzov, Denis"]
[Result "1/2-1/2"]
[WhiteElo "2188"]
[BlackElo "2336"]
[WhiteFideId "24175595"]
[BlackFideId "4133617"]
[EventDate "2015.01.31"]

1. e4 e6 2. d3 b5 3. g3 Bb7 4. Bg2 c5 5. Nf3 d6 6. Nbd2 Nf6 7. O-O Be7 8. c3
Nbd7 9. Re1 O-O 10. Nf1 Qc7 11. Qc2 Ne5 12. Nxe5 dxe5 13. f4 Bd6 14. fxe5 Bxe5
15. Nd2 Ng4 16. Nf3 Bd6 17. Qe2 Rac8 18. d4 cxd4 19. Nxd4 h5 20. h3 Bxg3 21.
hxg4 Bxe1 22. Qxe1 hxg4 23. Qe2 b4 24. Bd2 bxc3 25. Bxc3 Qg3 26. Qf2 Qd3 27. Re1
Qc4 28. a3 Rfd8 29. Nc2 Qc7 30. Ne3 g3 31. Qf3 f5 32. Qh5 Qf4 33. Nd1 Bxe4 34.
Qg6 Rxc3 35. bxc3 Qd2 36. Qxe6+ Kh8 37. Rxe4 fxe4 38. Qh3+ Kg8 39. Qe6+ Kh8 40.
Qh3+ Qh6 41. Qxh6+ gxh6 42. Ne3 Rd3 43. Nf5 Rxc3 44. Bxe4 Rxa3 45. Kg2 Ra6 46.
Kxg3 Kh7 47. Kf4 Kg6 48. Ke3 Kg5 49. Nxh6 Rxh6 50. Kd2 Kf4 51. Bc2 Rc6 52. Kc1
Ke3 53. Kb2 Kd2 54. Bb3 Rb6 55. Ka2 Kc3 56. Bf7 Rf6 57. Bg8 Rf2+ 58. Kb1 a5 59.
Be6 a4 60. Bg8 Kb4 61. Bd5 Ka3 62. Be6 Rf1+ 63. Kc2 Rf6 64. Bd5 Rb6 65. Bf7 Rb2+
66. Kc1 Rb3 67. Kc2 Rf3 68. Be6 Rf1 69. Bg8 Rg1 70. Bf7 Kb4 71. Kb2 Rg2+ 72. Kb1
a3 73. Ka1 Rg1+ 74. Ka2 Kc3 75. Be6 Rg6 76. Bf7 Rb6 77. Bg8 Rb2+ 78. Ka1 Rb8 79.
Bf7 Rf8 80. Be6 Rf1+ 81. Ka2 Rf2+ 82. Ka1 1/2-1/2

[Event "Moscow Open A 2015"]
[Site "Moscow RUS"]
[Date "2015.02.03"]
[Round "4.90"]
[White "Payanidi, Janis"]
[Black "Morgunov, Anatoly"]
[Result "1/2-1/2"]
[BlackTitle "FM"]
[WhiteElo "2167"]
[BlackElo "2330"]
[WhiteFideId "24128490"]
[BlackFideId "4145909"]
[EventDate "2015.01.31"]

1. e4 d5 2. exd5 Nf6 3. Bb5+ Bd7 4. Be2 Nxd5 5. d4 Bf5 6. a3 e6 7. c4 Nb6 8. Nc3
Be7 9. Be3 O-O 10. Nf3 Nc6 11. d5 exd5 12. cxd5 Na5 13. Bxb6 cxb6 14. Nd4 Bg6
15. O-O Bf6 16. Nb3 Nxb3 17. Qxb3 Qd6 18. Bf3 Qf4 19. Qd1 Rad8 20. Re1 a6 21. g3
Qd6 22. Qb3 Rfe8 23. Ne4 Bxe4 24. Bxe4 g6 25. Bf3 b5 26. Kg2 Kg7 27. Rad1 Rxe1
28. Rxe1 Rc8 29. Re2 h5 30. Rc2 Rc4 31. Rxc4 bxc4 32. Qxb7 Qe5 33. Qxa6 Qxb2 34.
Qxc4 Qxa3 35. Qe4 Qd6 36. Qc4 Be7 37. Qc6 Qc5 38. Qxc5 Bxc5 39. d6 Bxd6 40. Bd5
Be5 1/2-1/2

[Event "Moscow Open A 2015"]
[Site "Moscow RUS"]
[Date "2015.02.03"]
[Round "4.91"]
[White "Shandrygin, Nikita"]
[Black "Kozlitin, Oleg"]
[Result "1/2-1/2"]
[BlackTitle "IM"]
[WhiteElo "2151"]
[BlackElo "2329"]
[WhiteFideId "24198668"]
[BlackFideId "4143590"]
[EventDate "2015.01.31"]

1. e4 c5 2. Nf3 d6 3. d4 cxd4 4. Nxd4 Nf6 5. f3 e5 6. Nb3 d5 7. Bg5 Be6 8. Bxf6
gxf6 9. exd5 Qxd5 10. Qxd5 Bxd5 11. Nc3 Be6 12. O-O-O Nd7 13. Nb5 Ke7 14. Nc7
Rc8 15. Nd5+ Bxd5 16. Rxd5 Nb6 17. Rb5 h5 18. Kb1 Rc7 19. f4 Nd7 20. Be2 a6 21.
Rd5 Nb6 22. Rc5 Kd8 23. Rxc7 Kxc7 24. fxe5 fxe5 25. Rf1 Rh7 26. Rf5 h4 27. Rxe5
Bd6 28. Rh5 Rxh5 29. Bxh5 f6 30. h3 Nc4 31. Be2 Ne3 32. Bf3 b6 33. c3 Bc5 34.
Nc1 f5 35. Nd3 Be7 36. Nb4 a5 37. Nd5+ Nxd5 38. Bxd5 Kd6 39. Bf3 Kc5 40. Kc2 Bg5 1/2-1/2

[Event "Moscow Open A 2015"]
[Site "Moscow RUS"]
[Date "2015.02.03"]
[Round "4.92"]
[White "Gerasimov, Ivan"]
[Black "Bykov, Oleg"]
[Result "1-0"]
[WhiteTitle "FM"]
[WhiteElo "2327"]
[BlackElo "2186"]
[WhiteFideId "4196562"]
[BlackFideId "24198978"]
[EventDate "2015.01.31"]

1. d4 d5 2. c4 c6 3. cxd5 cxd5 4. Nc3 Nc6 5. Bf4 Nf6 6. e3 e6 7. Bd3 Bd6 8. Bxd6
Qxd6 9. f4 O-O 10. a3 Bd7 11. Nf3 a6 12. O-O b5 13. Ne5 Na5 14. Rf3 Qe7 15. Rh3
g6 16. Qe1 Ne8 17. f5 Bc8 18. fxg6 fxg6 19. Bxg6 hxg6 20. Nxg6 Qg7 21. Nxf8 Kxf8
22. Qh4 Ra7 23. Rf1+ Rf7 24. Rhf3 Rf5 25. Nxd5 Nc6 26. Rg3 Rxf1+ 27. Kxf1 Qxg3
28. hxg3 exd5 29. Qh6+ Ke7 30. Qxc6 Nd6 31. Qxd5 Bb7 32. Qe5+ Kd7 33. d5 a5 34.
Qe6+ Kc7 35. Qe7+ 1-0

[Event "Moscow Open A 2015"]
[Site "Moscow RUS"]
[Date "2015.02.03"]
[Round "4.93"]
[White "Feduk, Viktor"]
[Black "Mischuk, Dmitry"]
[Result "1/2-1/2"]
[BlackTitle "IM"]
[WhiteElo "2112"]
[BlackElo "2323"]
[WhiteFideId "4173368"]
[BlackFideId "14118734"]
[EventDate "2015.01.31"]

1. e4 e6 2. d4 d5 3. Nd2 c5 4. Ngf3 Nc6 5. exd5 exd5 6. Bb5 Qe7+ 7. Qe2 Qxe2+ 8.
Kxe2 a6 9. Bxc6+ bxc6 10. c4 cxd4 11. cxd5 c5 12. Re1 f6 13. Kd3+ Kf7 14. Ne4
Bb7 15. Bf4 Bxd5 16. Nd6+ Bxd6 17. Bxd6 g5 18. Bxc5 Nh6 19. Re7+ Kg6 20. a3 Nf5
21. Rd7 Bc6 22. Rc7 Bb5+ 23. Kd2 Rac8 24. Rxc8 Rxc8 25. b4 g4 26. Nxd4 Rxc5 27.
bxc5 Nxd4 28. Kc3 Ne6 29. Kb4 Nf4 30. Ka5 Kf5 31. Kb6 Nxg2 32. a4 Bd3 33. c6 Nf4
34. Rd1 Ke4 35. Kc5 Bc2 36. Rd2 Bb3 37. Kd6 Be6 38. a5 Bf5 39. c7 h5 40. Kc6 Nd3
41. Kb7 Ne5 42. c8=Q Bxc8+ 43. Kxc8 Kf3 44. Rd6 Nc4 45. Rxf6+ Kg2 46. Rxa6 Kxh2
47. Ra7 Nxa5 48. Rxa5 Kg1 49. Ra2 h4 50. Kd7 h3 51. Ke6 h2 52. Kf5 h1=Q 53. Ra1+
Kxf2 54. Rxh1 g3 55. Kf4 g2 56. Rh2 Kf1 57. Rxg2 Kxg2 1/2-1/2

[Event "Moscow Open A 2015"]
[Site "Moscow RUS"]
[Date "2015.02.03"]
[Round "4.94"]
[White "Kotlyar, Kirill"]
[Black "Sargsyan, Shant"]
[Result "1/2-1/2"]
[WhiteTitle "FM"]
[BlackTitle "CM"]
[WhiteElo "2320"]
[BlackElo "2172"]
[WhiteFideId "24145599"]
[BlackFideId "13306766"]
[EventDate "2015.01.31"]

1. g3 d5 2. Nf3 Nf6 3. Bg2 c6 4. O-O Bg4 5. d4 e6 6. Nbd2 Nbd7 7. Re1 Be7 8. e4
dxe4 9. Nxe4 Nxe4 10. Rxe4 Nf6 11. Re1 O-O 12. c3 Qb6 13. Qb3 Nd7 14. Bf4 Bxf3
15. Bxf3 a5 16. Qc2 a4 17. Rad1 Rfd8 18. h4 Nf8 19. Kg2 Bd6 20. Bc1 Qc7 21. Be4
Be7 22. a3 Bf6 23. Qe2 Ra5 24. Bc2 Qe7 25. Rd3 Rdd5 26. Qd1 c5 27. dxc5 Rxd3 28.
Qxd3 Qxc5 29. Re4 Qc6 30. Kg1 Rd5 31. Qf1 b5 32. Re1 Qd7 33. Be4 Rd6 34. Bf3 Ng6
35. Be2 Rd5 36. Bf3 Rd6 37. Be2 Rd5 38. Bf3 Rd6 39. Be2 1/2-1/2

[Event "Moscow Open A 2015"]
[Site "Moscow RUS"]
[Date "2015.02.03"]
[Round "4.95"]
[White "Derakhshani, Borna"]
[Black "Rjabzev, Konstantin"]
[Result "0-1"]
[WhiteTitle "CM"]
[BlackTitle "IM"]
[WhiteElo "2081"]
[BlackElo "2312"]
[WhiteFideId "12518450"]
[BlackFideId "4150015"]
[EventDate "2015.01.31"]

1. e4 e5 2. Nf3 Nc6 3. Bc4 Bc5 4. c3 Nf6 5. d3 d6 6. O-O O-O 7. h3 h6 8. Re1 a6
9. Bb3 Re8 10. Nbd2 Ba7 11. Nf1 Be6 12. Ng3 d5 13. Qe2 dxe4 14. dxe4 Bxb3 15.
axb3 Qd7 16. Nh4 Rad8 17. Qf3 Re6 18. Ngf5 Ne8 19. Qg4 Kh7 20. Be3 Bxe3 21. Rxe3
Ne7 22. Rg3 g6 23. Nf3 gxf5 24. exf5 Rf6 25. Nh4 Qd2 26. Qb4 Nd6 27. Nf3 Qf4 28.
Qa5 b6 29. Qxa6 Qxf5 30. Qe2 Ng6 31. Ra7 c5 32. Rg4 e4 33. Nd2 Ne5 34. Rh4 Rg8
35. g3 Nf3+ 36. Nxf3 exf3 37. Qd2 Qb1+ 38. Kh2 Qf1 39. Qc2+ Kh8 0-1

[Event "Moscow Open A 2015"]
[Site "Moscow RUS"]
[Date "2015.02.03"]
[Round "4.96"]
[White "Batyuk, Artem"]
[Black "Danielyan, Vahe"]
[Result "1-0"]
[WhiteElo "2306"]
[BlackElo "2140"]
[WhiteFideId "34115088"]
[BlackFideId "13304828"]
[EventDate "2015.01.31"]

1. d4 d5 2. Nf3 Nf6 3. Bf4 e6 4. e3 Ne4 5. Bd3 Bd6 6. Ne5 g5 7. Qh5 Qe7 8. Bxe4
gxf4 9. Bd3 Nc6 10. Bb5 Bxe5 11. Qxe5 O-O 12. Qxf4 Nb4 13. Bd3 f6 14. a3 Nxd3+
15. cxd3 e5 16. Qh4 Bf5 17. Nc3 Bxd3 18. Nxd5 Qd6 19. Nc3 c5 20. Rd1 Qa6 21.
dxe5 Bg6 22. Rd6 b6 23. exf6 Rae8 24. Qa4 Qb7 25. O-O Kh8 26. Qd7 Qxd7 27. Rxd7
Rxf6 28. Rfd1 Ref8 29. f3 a6 30. Rd8 b5 31. Rxf8+ Rxf8 32. e4 b4 33. Nd5 a5 34.
axb4 cxb4 35. Ra1 Rc8 36. Rxa5 Rc1+ 37. Kf2 Rc2+ 38. Kg3 Rxb2 39. Rb5 b3 40. Rb7
h5 41. h4 Rb1 42. Kf4 b2 43. Kg5 Bf7 44. Kf6 Bg8 45. Ne7 Kh7 46. Nxg8+ Kxg8 47.
e5 1-0